00691nam a2200169Ia 4500001001100000003000500011008004100016010001100057040000900068100002900077245018100106260003400287300002100321502008900342700004000431710005000471Para_10316CHAP220125sJuni xx 000 0 und d a209010 cCHAP aRazo González, Jessica aResistencia genética al carbón (Ustílago scitaminea Syd.)en caña de azícar (Saccharum officinarum L.) /c Jessica Razo González; Director Santos Gerardo Leyva Mir aChapingo, Méx. :b el autor a1CDS ROM (55 p.) aTesis (M.C. en Protección Vegetal). UACh. Departamento Parasitología Agrícola aLeyva Mir, Santos Gerardo. Director aUACh Departamento Parasitología Agrícola